<The> Power of parliament

Salvato in:
Dettagli Bibliografici
Autore principale: Butt, Ronald
Natura: Libro
Lingua:inglese
Pubblicazione: London Constable 1969
Edizione:2. ed.
Soggetti:
Tags: Aggiungi Tag
Nessun Tag, puoi essere il primo ad aggiungerne!!

MARC

LEADER 00000nam a2200000 4500
001 c124616
005 20221123135658.6
020 |a 09-450270-6 
041 0 |a eng 
044 |a GB 
245 1 0 |a <The> Power of parliament  |c Ronald Butt 
250 |a 2. ed. 
264 1 |a London  |b Constable  |c 1969 
300 |a 500 s. 
610 2 0 |a politika 
610 2 0 |a parlamenty 
610 2 0 |a vláda 
610 2 0 |a strany politické 
610 2 0 |a štúdie 
610 2 0 |a Veľká Británia 
100 1 |a Butt, Ronald